Очерки по систематике изверженных пород. II.

Bibliografische gegevens
Hoofdauteur: Левинсон-Лессинг Ф. Ю. Франц Юльевич
Samenvatting:Отдельный оттиск.
Taal:Russisch
Gepubliceerd in: Санкт-Петербург, Типо-Литография Шредера, 1913
Onderwerpen:
Formaat: Boek
KOHA link:https://koha.lib.tpu.ru/cgi-bin/koha/opac-detail.pl?biblionumber=304472

MARC

LEADER 00000nam0a2200000 4500
001 304472
005 20231102001714.0
035 |a (RuTPU)RU\TPU\book\329719 
035 |a RU\TPU\book\329710 
090 |a 304472 
100 |a 20150914d1913 k y0rusy50 ca 
101 0 |a rus 
102 |a RU 
105 |a y z 000zy 
200 1 |a Очерки по систематике изверженных пород. II.  |f Ф. Ю. Левинсон-Лессинг 
210 |a Санкт-Петербург  |c Типо-Литография Шредера  |d 1913 
215 |a 6 с. 
300 |a Отдельный оттиск. 
317 |5 63413507: 179643  |a Поступила в НТБ в 1940 году в составе книжного собрания академика М. А. Усова. 
610 1 |a петрография 
610 1 |a изверженные горные породы 
610 1 |a библиотека М. А. Усова 
675 |a 552.3  |v 4 
700 1 |a Левинсон-Лессинг  |b Ф. Ю.  |c геолог и петрограф  |c академик АН СССР (с 1925)  |c директор Почвенного института АН СССР (1926-1929)  |c директор Петрографического института АН СССР (1930-1937)  |f 1861-1939  |g Франц Юльевич  |2 stltpush  |3 (RuTPU)RU\TPU\pers\21902  |9 9239 
801 1 |a RU  |b 63413507  |c 20150914 
801 2 |a RU  |b 63413507  |c 20150918  |g RCR 
942 |c BK